|
|
|
|
| LEADER |
00000nam a22000007a 4500 |
| 005 |
20170625223517.0 |
| 007 |
cr|||| |||| |
| 008 |
170625s2017 mx |||||s|||| 00||0 spa d |
| 020 |
|
|
|a 978-607-406-867-2
|
| 035 |
|
|
|a 20376
|
| 040 |
|
|
|a vLex
|
| 090 |
|
|
|c 6795
|d 6795
|
| 100 |
1 |
|
|a Orozco Colln̕, Luis Angel
|
| 245 |
1 |
0 |
|a Estudio integral de la nm̤ina 2017
|h [Recurso electrn̤ico] /
|c Luis Angel Orozco Colln̕
|
| 256 |
|
|
|a Servicio en ln̕ea
|
| 260 |
|
|
|a Mx̌ico DF:
|b Ediciones Fiscales ISEF,
|c 2017
|
| 300 |
|
|
|a 1 recurso electrn̤ico
|
| 500 |
|
|
|a Esta obra, ESTUDIO INTEGRAL DE LA NÓMINA, muestra el panorama general ms̀ comn︢ en la mayora̕ de las empresas de Mx̌ico, conjuntando experiencias reales con el estudio de las leyes que afectan a la nm̤ina y solo en cuanto a lo que afecta a ese tema. Est ̀dirigido a todas las empresas que manejan una nm̤ina, a los comisionados o interesados en el tema y sobre todo a estudiantes que en alcn̕ momento de su carrera profesional, desean ocupar alguna de las posiciones que les competa el tema.
|
| 506 |
1 |
|
|a Disponible solo en los productos indicados
|d vLex Global
|d vLex Global (Academic Edition, excluding Law Schools)
|d vLex Global (U.S. Academic Edition, Law Schools)
|d vLex Global (U.S. Academic Edition, excluding Law Schools)
|d vLex Global (Academic Edition, Law Schools)
|
| 650 |
0 |
4 |
|a Derecho Mercantil y de la Empresa
|z Mx̌ico
|
| 740 |
0 |
|
|a vLex Libros (Servicio en ln̕ea)
|
| 856 |
4 |
0 |
|u http://vlex.com/source/estudio-integral-de-la-nomina-2017-20376
|z Acceso restringido
|
| 942 |
|
|
|c BOOK
|
| 999 |
0 |
|
|a Commercial and Company Law
|